The icons of their bodies : saints and their images in Byzantium

Αποθηκεύτηκε σε:
Λεπτομέρειες βιβλιογραφικής εγγραφής
Κύριος συγγραφέας: Maguire, Henry 1943-
Μορφή: Βιβλίο
Γλώσσα:English
Δημοσίευση: Princecton : Princecton University Press, 1996
Θέματα:
Ετικέτες: Προσθήκη ετικέτας
Δεν υπάρχουν, Καταχωρήστε ετικέτα πρώτοι!

MARC

LEADER 00000nam a2200000 i 4500
001 1/76046
008 050510s1996 eng d
020 |a 0-691-02581-9 (pbk) 
020 |a 0-691-05007-4 
035 |l 10077873 
040 |a GR-MY-UA  |b gre  |e aacr 
041 0 |a eng 
082 0 |a 704.9482  |2 (21) 
100 1 |a Maguire, Henry  |d 1943- 
245 1 4 |a The icons of their bodies :  |b saints and their images in Byzantium /  |c Henry Maguire 
260 |a Princecton :   |b Princecton University Press,   |c 1996 
300 |a xviii, 222 σ.;  |b εικ.;  |c 26 εκ. 
504 |a Περιέχει ευρετήριο και σημειώσεις 
650 0 0 |a Icons, Byzantine. 
650 0 0 |a Christian saints in art. 
852 |a INST  |b LESVOS  |e 20050510  |h 704.9482 MAG  |p 005100029801  |q 005100029801  |t BK  |y 0 
901 |a BIBL1-2005-2 
909 |a Λ  |b 113663 
920 |a ΔΙΕΥΡΥΝΣΗ  |b ΕΠΕΑΕΚ-ΠΤΕ  |y ΛΕΣΒΟΣ  |z 2004-10 
970 |a ΜΑΡΙΝΑΤΟΥ  |b ΜΥΡΣΙΝΗ  |z 2005/05/10